Charizmatická a tichá eN jednotka do terénu test Hyundai Santa Fe 2,2 CRDi 4WD z kategórie N1

Bibliographic Details
Main Author: Václavík, Ivan (Author)
Format: Article
Language:Slovak
PhysicalDescription:Fotogr.
ISSN:1337-0138
Subjects:

MARC

LEADER 00000nab a2200000 ar4500
001 vtls008962232
003 SK-MaSNL
005 20260303070720.0
008 070405c2007 xo mr|p|||||||000 b|slo
015 |a SNBRB2007/04  |2 snkbucl 
038 |a SNKBUCL 
040 |a SNKBUCL  |b slo  |c SNKBUCL  |e AACR2 
041 0 |a slo 
044 |a xo  |c SK 
080 |a 629.331.1  |2 2001 
100 1 |a Václavík, Ivan  |4 aut  |9 841238 
245 1 0 |a Charizmatická a tichá eN jednotka do terénu  |b test Hyundai Santa Fe 2,2 CRDi 4WD z kategórie N1  |c Ivan Václavík 
300 |b Fotogr. 
650 0 7 |a osobné automobily  |2 snkbucl  |9 26643 
650 0 7 |a Hyundai Santa Fe 2.2 CRDi 4WD (osobný automobil)  |2 snkbucl  |9 1068507 
773 0 |t Doprava a logistika  |g Roč. 2., č. 2 (2007), s. 31  |x 1337-0138 
852 |a SNK  |b KIS3GCP 
999 |c 1756625  |d 1758555